header

Advanced literacy practices (Record no. 44921)

MARC details
000 -LEADER
fixed length control field 01441nam a2200337 a 4500
245 00 - TITLE STATEMENT
Title Advanced literacy practices
250 ## - EDITION STATEMENT
Edition statement 1st ed.
260 ## - PUBLICATION, DISTRIBUTION, ETC. (IMPRINT)
Place of publication Bingley [England] :
Name of publisher Emerald Group Pub.,
Year of publication 2013.
300 ## - PHYSICAL DESCRIPTION
Number of Pages xiv, 406 p. :
Other physical details ill.
505 0# - FORMATTED CONTENTS NOTE
Formatted contents note pt. 1. Foundational elements -- pt. 2. Reading and writing elements -- pt. 3. Technological elements -- pt. 4. Complementary elements.
650 #0 - SUBJECT ADDED ENTRY--TOPICAL TERM
Topical Term Literacy
Topical Term Literacy programs.
700 1# - ADDED ENTRY--PERSONAL NAME
Personal name Ortlieb, Evan.
Personal name Cheek, Earl H.
856 40 - ELECTRONIC LOCATION AND ACCESS
Uniform Resource Identifier http://site.ebrary.com/lib/rucke/Doc?id=10649050

No items available.

© 2026 Rongo University
Contact us: librarian | system librarian | Rongo university